000 01861nam a2200289 a 4500
001 000000146
003 DO-SdBNP
005 20260321073636.0
008 081029s2007 dr 000 0 spa d
020 _a9945406051
040 _aDO-SdBNP
_bspa
_cBNPHU
082 _a320.97293
_bB742c, 2007
100 1 _a Bosch, Juan,
_d1909-2001
_976555
245 1 0 _aCrisis de la democracia de América en la República Dominicana /
_cJuan Bosch ; edición Diómedes Núñez Polanco y Rafael Julián.
250 _a5a ed.
260 _aSanto Domingo :
_bAlfa & Omega,
_c2007.
300 _a233 p. ;
_c21 cm.
505 0 _tIntroducción a la primera edición dominicana --
_tIntroducción --
_tA la muerte del tirano --
_tEl Partido Revolucionario Dominicano en la hora crítica --
_tLa juventud desviada --
_tLos patriotas y sus planes --
_tLos patriotas conquistan el poder --
_tLa composición social dominicana --
_tLa clase media en el campo político --
_tLa lengua nueva --
_tPolítica y conspiración --
_tUna escuela de política --
_tGolpe primero elecciones después --
_tEl papel de la Iglesia en el golpe --
_tComunismo y democracia --
_tLa Alianza para el Progreso --
_tLos hombres de la Alianza --
_tEl CIDES, una experiencia importante --
_tLos conflictos con Haití --
_tEl papel de la corrupción en el golpe --
_tTrujillo, el jefe militar del golpe --
_tLos sectores sociales en las fuerzas armadas --
_tJuventud y masas populares, reserva del porvenir.
590 _aInventariado, 2018/ YL
651 1 4 _aRepública Dominicana
_xPolítica y gobierno
_y1930-1961
_9479
651 1 4 _aRepública Dominicana
_xPolítica y gobierno
_y1961-
_9204
651 1 4 _aRepública Dominicana
_xHistoria
_y1961-1965
_9480
700 1 2 _aNuñez Polanco, Diómedes
_d1952-
_eed.
_983559
700 1 2 _aJulián, Rafael,
_eed.
_9481
910 _aValidado. Control de calidad MFF
942 _2ddc
_cLBS1
999 _c146
_d146